000 00723nam a2200181Ia 4500
008 100917s9999 xx 000 0 und d
082 _b58995
100 _aश्रोत्रयि वि. कृ.
245 _aवेदातील गोष्टी भाग 1 (आवृत्ती 6 वी)
260 _bकॉन्टिनेंटल प्रकाशन
_c1980
300 _a115
365 _b5
520 _aबालविभाग
630 _aवेदातील गोष्टी भाग 1 (आवृत्ती 6 वी)
650 _aबालविभाग
730 _aवेदातील गोष्टी भाग 1 (आवृत्ती 6 वी)
942 _cBOOK
999 _c664389
_d664386